Detalles MARC
| 000 -LEADER |
| fixed length control field |
02757nam a2200445Ii 4500 |
| 001 - CONTROL NUMBER |
| control field |
DIGRBN0160 |
| 003 - CONTROL NUMBER IDENTIFIER |
| control field |
NyNyDIG |
| 008 - FIXED-LENGTH DATA ELEMENTS--GENERAL INFORMATION |
| fixed length control field |
160621t20142014sp o 000 0 spa d |
| 006 - FIXED-LENGTH DATA ELEMENTS--ADDITIONAL MATERIAL CHARACTERISTICS |
| fixed length control field |
m o d |
| 007 - PHYSICAL DESCRIPTION FIXED FIELD--GENERAL INFORMATION |
| fixed length control field |
cr ||||||||||| |
| 020 ## - INTERNATIONAL STANDARD BOOK NUMBER |
| International Standard Book Number |
9788416095551 |
| Qualifying information |
(eBook ; |
| -- |
pdf) |
| 020 ## - INTERNATIONAL STANDARD BOOK NUMBER |
| Canceled/invalid ISBN |
9788416095544 |
| 020 ## - INTERNATIONAL STANDARD BOOK NUMBER |
| Canceled/invalid ISBN |
841609554X |
| 040 ## - CATALOGING SOURCE |
| Original cataloging agency |
DGITA |
| Language of cataloging |
eng |
| Description conventions |
rda |
| -- |
pn |
| Transcribing agency |
DGITA |
| 050 14 - LIBRARY OF CONGRESS CALL NUMBER |
| Classification number |
JC421 ebook |
| 245 04 - TITLE STATEMENT |
| Title |
Los valores del republicanismo : |
| Remainder of title |
ante la crisis de la representación política / |
| Statement of responsibility, etc. |
Jacobo Muñoz (editor). |
| 250 ## - EDITION STATEMENT |
| Edition statement |
Edición digital. |
| 264 #1 - PRODUCTION, PUBLICATION, DISTRIBUTION, MANUFACTURE, AND COPYRIGHT NOTICE |
| Place of production, publication, distribution, manufacture |
Madrid : |
| Name of producer, publisher, distributor, manufacturer |
Biblioteca Nueva, |
| Date of production, publication, distribution, manufacture, or copyright notice |
2014. |
| 264 #4 - PRODUCTION, PUBLICATION, DISTRIBUTION, MANUFACTURE, AND COPYRIGHT NOTICE |
| Date of production, publication, distribution, manufacture, or copyright notice |
©2014 |
| 300 ## - PHYSICAL DESCRIPTION |
| Extent |
1 online resource (333 pages) |
| 336 ## - CONTENT TYPE |
| Content type term |
text |
| Content type code |
txt |
| Source |
rdacontent |
| 337 ## - MEDIA TYPE |
| Media type term |
computer |
| Media type code |
c |
| Source |
rdamedia |
| 338 ## - CARRIER TYPE |
| Carrier type term |
online resource |
| Carrier type code |
cr |
| Source |
rdacarrier |
| 490 1# - SERIES STATEMENT |
| Series statement |
Colección dossier del siglo XXI ; |
| Volume/sequential designation |
3 |
| 500 ## - GENERAL NOTE |
| General note |
Collected essays. |
| 505 0# - FORMATTED CONTENTS NOTE |
| Formatted contents note |
Presentación / Jacobo Muñoz -- Republicanismo: el legado clásico / Juan Manuel Forte -- Necesidad de lo político / Jorge Álvarez Yágüez -- Justicia republicana: una reflexión preliminar / Eduardo Maura -- La comunidad, lo común, la libertad. Consideraciones sobre la gente común / Eduardo Maura -- Razón y orden. Una aproximación al republicanismo a la luz de la confrontación entre Hobbes y Kant / Daniel Iraberri y Luis Alegre Zahonero -- Las precondiciones materiales de la vida política. El republicanismo en los orígenes del constitucionalismo latinoamericano / Roberto Gargarella -- Dar cuerpo al espectro. Materiales sobre el 15-M como campo de fuerzas / Germán Cano -- Las condiciones sociales de la democracia asamblearia / osé Luis Moreno Pestaña -- Entrevista con Josep Ramoneda / Daniel Gamper -- Orientación bibliográfica: El eclipse de la fraternidad, Antoni Domènech / Julio Martínez-Cava Aguilar -- Orientación bibliográfica: Reseña de tres obras de Jorge Álvarez Yágüez / Manuel Vázquez Freir -- Orientación bibliográfica: Ciudadanía y democracia. Un enfoque republicano, Andrés de Francisco / Daniel Iraberri. |
| 588 0# - SOURCE OF DESCRIPTION NOTE |
| Source of description note |
Online resource; title from PDF title page (Digitalia, viewed October 21, 2016) |
| 650 #0 - SUBJECT ADDED ENTRY--TOPICAL TERM |
| Topical term or geographic name entry element |
Republicanism. |
| 650 #0 - SUBJECT ADDED ENTRY--TOPICAL TERM |
| Topical term or geographic name entry element |
Law |
| General subdivision |
Philosophy. |
| 650 #0 - SUBJECT ADDED ENTRY--TOPICAL TERM |
| Topical term or geographic name entry element |
Political science |
| General subdivision |
Philosophy. |
| 655 #0 - INDEX TERM--GENRE/FORM |
| Genre/form data or focus term |
Electronic books. |
| 700 1# - ADDED ENTRY--PERSONAL NAME |
| Personal name |
Muñoz, Jacobo, |
| Relator term |
editor. |
| 776 08 - ADDITIONAL PHYSICAL FORM ENTRY |
| Relationship information |
Print version: |
| Title |
Valores del republicanismo. |
| Place, publisher, and date of publication |
Madrid : Biblioteca Nueva, 2014. |
| International Standard Book Number |
9788416095544 |
| 791 2# - |
| -- |
Digitalia (Firm), |
| -- |
distributor. |
| 793 0# - |
| -- |
Digitalia eBook Collection: |
| -- |
Biblioteca Nueva |
| 830 #0 - SERIES ADDED ENTRY--UNIFORM TITLE |
| Uniform title |
Colección dossier del siglo XXI ; |
| Volume/sequential designation |
3. |
| 856 40 - ELECTRONIC LOCATION AND ACCESS |
| Materials specified |
Digitalia Hispánica |
| Uniform Resource Identifier |
<a href="https://www.digitaliapublishing.com/a/38154/">https://www.digitaliapublishing.com/a/38154/</a> |
| 910 ## - USER-OPTION DATA (OCLC) |
| User-option data |
Premium Collection: 2016 |
| 942 ## - ADDED ENTRY ELEMENTS (KOHA) |
| Koha item type |
Recurso Electrónico |